Las Políticas exteriores centroamericanas y las políticas internacionales hacia Centroamérica /

Salvato in:
Dettagli Bibliografici
Autore principale: Rojas Aravena, Francisco
Ente Autore: Universidad Nacional. Escuela de Relaciones Internacionales
Altri autori: comp
Natura: Sconosciuto
Pubblicazione: Heredia: UNA
Tags: Aggiungi Tag
Nessun Tag, puoi essere il primo ad aggiungerne!!

MARC

LEADER 00000 a2200000 04500
001 20837
003
008 991231s d
040
090 |a 089201  
100 |a Rojas Aravena, Francisco  
110 |a Universidad Nacional. Escuela de Relaciones Internacionales  
245 |a Las Políticas exteriores centroamericanas y las políticas internacionales hacia Centroamérica /  |c Francisco Rojas Aravena 
260 |a Heredia:   |b UNA  
300 |a 392 p  
700 |a comp  
999 |c 7484  |d 7484